Modelovanie intenzity sťahovania SKK z obehu
Stav hodnoty slovenských korún v obehu v súvislosti s prechodom meny SKK na EUR. Exponenciálny a mocninový regresný model stavu hotovosti v mld. SKK.
Salvato in:
| Autore principale: | |
|---|---|
| Natura: | Capitolo di libro |
| Lingua: | slovacco |
| Soggetti: | |
| Tags: |
Nessun Tag, puoi essere il primo ad aggiungerne!!
|
MARC
| LEADER | 00000naa$a2200000$$$4500 | ||
|---|---|---|---|
| 001 | 0093317 | ||
| 005 | 20220715093741.8 | ||
| 041 | 0 | |a slo | |
| 044 | |a SK | ||
| 245 | 1 | 0 | |a Modelovanie intenzity sťahovania SKK z obehu |c Jozef Chajdiak |
| 520 | |a Stav hodnoty slovenských korún v obehu v súvislosti s prechodom meny SKK na EUR. Exponenciálny a mocninový regresný model stavu hotovosti v mld. SKK. | ||
| 610 | 2 | 0 | |a modely regresné |
| 610 | 2 | 0 | |a modely štatistické |
| 610 | 2 | 0 | |a modelovanie |
| 610 | 2 | 0 | |a rady časové |
| 610 | 2 | 0 | |a koruna |
| 610 | 2 | 0 | |a peniaze |
| 610 | 2 | 0 | |a obeh |
| 610 | 2 | 0 | |a hotovosť |
| 100 | 1 | |a Chajdiak, Jozef | |